000 00442nam a2200193Ia 4500
005 20250603150013.0
008 250603s9999 xx 000 0 und d
020 _a9781292021270
050 _aHB 139 .S795/
100 _aStudenmund, A. H.
245 0 _aUsing econometrics : a practical guide
250 _a6th ed.
260 _aBoston
260 _bPearson
260 _c2014
300 _a560 p
650 _aBoston
942 _cBK
999 _c43480
_d43480